00521nam a22001577a 450000500170000001000150001702000270003203500140005903700130007308200120008610000180009824500940011626000520021027000690026230000320033120171013145556.0 aENG-120369 a9788184621365c1800.00 aEN-103901 bDBAD/PUB a781.264 aMeswani,Harsh aThe Torchbearers :cby Harsh Meswani/bkeeping the flame of Indian classical music alive/ aMumbaibVakils,feffer and simons Pvt.Ltd.c2016 aIndustry Manor,Appasaheb Marathe Marg,PrabhadevibMumbaie400025 a238p.:c29cm(Hb)bill(coll)